Momo / (Registro nro. 10472)

Detalles MARC
000 -LIDER
fixed length control field 00764nam a22002657a 4500
001 - NÚMERO DE CONTROL
Identificador de número de control 00562
003 - IDENTIFICACDOR DE NÚMERO DE CONTROL
control field DO-SdBNP
005 - DATE AND TIME OF LATEST TRANSACTION
control field 20241017125214.0
007 - CAMPOS FIJOS DE DESCRIPCIÓN FÍSICA
fixed length control field 00562
008 - ELEMENTOS DE LONGITUD FIJA
fixed length control field 160621b2001 sp ||| 00| 0 spa d
020 ## - ISBN
International Standard Book Number 9788466302821
040 ## - FUENTE DE CATALOGACIÓN
Agencia que crea de manera original el registro BPMSU
Idioma de catalogación spa
Agencia que realiza la transcripción BPMSU
082 #4 - NÚMERO DE CLASIFICACIÓN DECIMAL DE DEWEY
Classification number 833.91
Item number E56m 2007
Edition number 22
100 1# - ASIENTO PRINCIPAL -- NOMBRE PERSONAL
Nombre personal Ende, Michael
Fechas asociadas con el nombre 1929-1995
111 ## - ASIENTO PRINCIPAL--NOMBRE DE REUNIÓN O CONFERENCIA
Fecha de la reunión
9 (RLIN) 16
245 10 - MENCIÓN DE TITULO
Título Momo /
Mención de responsabilidad Michael Ende ; traducción Susana Constante
260 ## - PUBLICACIÓN, DISTRIBUCIÓN, ETC. (PIE DE IMPRENTA)
Lugar de publicación, distribución, etc Madrid :
Nombre del editor, distribuidor, etc. Ediciones antillana,
Fecha de publicación, distribución, etc 2007
300 ## - DESCRIPCIÓN FÍSICA
Extensión 280 p. :
Otros detalles físicos il. ;
Dimensiones 19 cm.
490 0# - MENCIÓN DE SERIES
Mención de serie Punto de lectura,
Volume/sequential designation 45
590 ## - NOTA LOCAL
Texto de la nota local Inventariado, 2024/VM
650 #4 - ENCABEZAMIENTO DE MATERIA--TEMÁTICO
Término temático o nombre geográfico como elemento de entrada Cuentos juveniles alemanes
700 1# - ASIENTO SECUNDARIO -- NOMBRE PERSONAL
Nombre personal Constante, Susana
Mención de responsabilidad traductor
Fechas asociadas con el nombre 1944-
Títulos u otras palabras asociadas con el nombre
910 ## - VALIDACIÓN
Validación VMateo V. Control de calidad. BPMSU
942 ## - ADDED ENTRY ELEMENTS (KOHA)
Source of classification or shelving scheme Dewey Decimal Classification
Koha item type Libros
Existencias
Withdrawn status Lost status Source of classification or shelving scheme Damaged status Not for loan Collection code Home library Current library Date acquired Source of acquisition Total Checkouts Full call number Barcode Date last seen Price effective from Koha item type Copy number
    Dewey Decimal Classification     Colección Juvenil General Biblioteca Pública Metropolitana Salomé Ureña Biblioteca Pública Metropolitana Salomé Ureña 06/21/2016 Alfaguara   BPMSU CJG 833.91 E56m 2007 BPMSU16060291 06/21/2016 06/21/2016 Libros  
    Dewey Decimal Classification     Colección General Biblioteca Pública Metropolitana Salomé Ureña Biblioteca Pública Metropolitana Salomé Ureña 06/21/2016 Alfaguara   BPMSU CJG 833.91 E56m 2007 BPMSU16060292 06/21/2016 06/21/2016 Libros e.2
    Dewey Decimal Classification     Colección General Biblioteca Pública Metropolitana Salomé Ureña Biblioteca Pública Metropolitana Salomé Ureña 01/30/2018 Donado por Alfaguara   BPMSU CJG 833.91 E56m 2007 BPMSU18010090 01/30/2018 01/30/2018 Libros e.3